<?xml version="1.0" encoding="UTF-8"?>
<record
    xmlns:xsi="http://www.w3.org/2001/XMLSchema-instance"
    xsi:schemaLocation="http://www.loc.gov/MARC21/slim http://www.loc.gov/standards/marcxml/schema/MARC21slim.xsd"
    xmlns="http://www.loc.gov/MARC21/slim">

  <leader>00738nam a22002057a 4500</leader>
  <controlfield tag="005">20250106104124.0</controlfield>
  <controlfield tag="008">221207b           ||||| |||| 00| 0 eng d</controlfield>
  <datafield tag="040" ind1=" " ind2=" ">
    <subfield code="c">AL</subfield>
  </datafield>
  <datafield tag="041" ind1=" " ind2=" ">
    <subfield code="a">Hindi</subfield>
  </datafield>
  <datafield tag="082" ind1=" " ind2=" ">
    <subfield code="2">23</subfield>
    <subfield code="a">H891.4</subfield>
    <subfield code="b">MISP</subfield>
  </datafield>
  <datafield tag="100" ind1=" " ind2=" ">
    <subfield code="a">Vinod Misra  </subfield>
    <subfield code="9">192176</subfield>
  </datafield>
  <datafield tag="100" ind1=" " ind2=" ">
    <subfield code="9">64984</subfield>
    <subfield code="d">&#x935;&#x93F;&#x928;&#x94B;&#x926; &#x92E;&#x93F;&#x936;&#x94D;&#x930;&#x93E; </subfield>
  </datafield>
  <datafield tag="245" ind1=" " ind2=" ">
    <subfield code="a">Deendayal  Upadhyaya Ka Ekatma Manavd Darshan  </subfield>
    <subfield code="b">&#x926;&#x940;&#x928;&#x926;&#x92F;&#x93E;&#x932; &#x909;&#x92A;&#x93E;&#x927;&#x94D;&#x92F;&#x93E;&#x92F; &#x915;&#x93E;  &#x90F;&#x915;&#x93E;&#x924;&#x94D;&#x92E;  &#x92E;&#x93E;&#x928;&#x935;&#x93E;&#x926; &#x926;&#x930;&#x94D;&#x936;&#x928; </subfield>
  </datafield>
  <datafield tag="260" ind1=" " ind2=" ">
    <subfield code="a">Jabalpur</subfield>
    <subfield code="b">Vinod Misra</subfield>
  </datafield>
  <datafield tag="300" ind1=" " ind2=" ">
    <subfield code="a">176 P.</subfield>
    <subfield code="b">HB</subfield>
    <subfield code="c">22x13.5 cm.</subfield>
  </datafield>
  <datafield tag="365" ind1=" " ind2=" ">
    <subfield code="b">&#x20B9;40.00</subfield>
    <subfield code="c">&#x20B9;</subfield>
    <subfield code="d">&#x20B9;40.00</subfield>
  </datafield>
  <datafield tag="650" ind1=" " ind2=" ">
    <subfield code="a">Hindi Prose</subfield>
    <subfield code="9">64985</subfield>
  </datafield>
  <datafield tag="700" ind1=" " ind2=" ">
    <subfield code="a">MISRA (Vinod)  &#x92E;&#x93F;&#x936;&#x94D;&#x930;&#x93E; (&#x935;&#x93F;&#x928;&#x94B;&#x926;)</subfield>
    <subfield code="9">64986</subfield>
  </datafield>
  <datafield tag="942" ind1=" " ind2=" ">
    <subfield code="2">ddc</subfield>
    <subfield code="c">GF</subfield>
  </datafield>
  <datafield tag="999" ind1=" " ind2=" ">
    <subfield code="c">225482</subfield>
    <subfield code="d">225482</subfield>
  </datafield>
  <datafield tag="952" ind1=" " ind2=" ">
    <subfield code="0">0</subfield>
    <subfield code="1">0</subfield>
    <subfield code="2">ddc</subfield>
    <subfield code="4">0</subfield>
    <subfield code="7">0</subfield>
    <subfield code="8">HIN</subfield>
    <subfield code="a">AL</subfield>
    <subfield code="b">AL</subfield>
    <subfield code="d">2013-03-23</subfield>
    <subfield code="l">0</subfield>
    <subfield code="o">H891.4 MISP</subfield>
    <subfield code="p">GF02616</subfield>
    <subfield code="r">2022-12-07 00:00:00</subfield>
    <subfield code="w">2022-12-07</subfield>
    <subfield code="y">GF</subfield>
  </datafield>
</record>
